| 000 | 00775nam a2200217 a 4500 | ||
|---|---|---|---|
| 005 | 20210223130531.0 | ||
| 008 | 080624s1983 mx r 000 0 spa d | ||
| 035 | _aUPN01000157444 | ||
| 049 | _aUNE | ||
| 080 | _a373.2 (100) =20 PRA No.2. | ||
| 100 | 1 |
_aPrakasha, Veda _929876 |
|
| 245 | 1 | 0 |
_aBattling costs for quality and quantity : _bemerging responses in early childhoodcare and education / _cVeda Prakasha. |
| 260 |
_aParís : _bUNESCO ; _aNew York : _bUNICEF, _c1983. |
||
| 300 |
_av, 137 p. : _bil., retrs. |
||
| 500 | _aNotes, comments ... (Child, family, community) ; II. | ||
| 690 | _aEducación preescolar - Costos educacionales | ||
| 690 | _aCostos educacionales - Educación preescolar | ||
| 710 | 2 | _aUNESCO | |
| 710 | 2 |
_aUNICEF. _924085 |
|
| 905 | _aUNESCO | ||
| 999 |
_c129558 _d129558 |
||